00319nam a2200097Ia 4500008004100000245006300041245004700104260000900151650001300160856004800173171211s9999 xx 000 0 und d aIn Africa's Forest and Jungle: Six Years Among the Yorubas c:Betty Finklea Florey, Richard Henry Stone c2009 xRELIGION uhttp://down.ebook777.com/064/0817355677.pdf